Plant sociology: the study of plant communities

Tallennettuna:
Bibliografiset tiedot
Päätekijä: Braun Blanquet, J (Tekijä)
Aineistotyyppi: Kirja
Kieli:englanti
Julkaistu: Nueva York Hafner 1965
Aiheet:
Tagit: Lisää tagi
Ei tageja, Lisää ensimmäinen tagi!

MARC

LEADER 00000nam a2200000 a 4500
001 UCU3434
003 CL-VaPUC
008 960510e19650000US |||||||||||||||||eng|d
082 0 4 |a 581.5  |b BRA  |2 21 
100 0 |a Braun Blanquet, J  |e author  |9 360370 
245 1 0 |a Plant sociology: the study of plant communities 
300 |a 439 p 
942 |c BK 
945 |d 19960510 00:00:00  |a rleighto 
260 |a Nueva York  |b Hafner  |c 1965 
650 0 |a Botánica  |9 264202 
650 0 |a Plantas  |9 264555 
650 0 |a Ecosistemas  |9 261477 
650 7 |a HABITAT  |2 CL-VaPUC  |9 267395 
650 7 |a TEMPERATURA  |2 CL-VaPUC  |9 360371 
650 0 |a Luz  |9 263172 
650 0 |a Agua  |9 257149 
650 7 |a HUMEDAD  |2 CL-VaPUC  |9 259412 
650 0 |a Química del suelo  |9 360372 
650 7 |a FLORA  |2 CL-VaPUC  |9 264745 
650 7 |a FAUNA  |2 CL-VaPUC  |9 349523 
650 7 |a TIPOS DE SUELO  |2 CL-VaPUC  |9 360272 
650 0 |a Desarrollo vegetal  |9 338112 
650 7 |a FITOGEOGRAFIA  |2 CL-VaPUC  |9 264646 
650 0 |a Vegetación  |9 264748 
583 |a last modification  |c 19960510 00:00:00  |k Rodrigo Vera 
999 |c 247447  |d 247445 
952 |0 0  |1 0  |4 0  |6 581_500000000000000_BRA_1965  |7 0  |8 A  |9 263356  |a BIBCUR  |b BIBCUR  |d 2019-11-19  |i 3198359  |o 581.5 BRA 1965  |p 3198359  |r 2025-04-22  |w 2019-11-19  |y BK  |k BCB